The discovery of the Titanic / (Record no. 1401)

MARC details
000 -LEADER
fixed length control field 01036cam a2200337 a 4500
005 - DATE AND TIME OF LATEST TRANSACTION
control field 20260322212059.0
008 - FIXED-LENGTH DATA ELEMENTS--GENERAL INFORMATION
fixed length control field data
010 ## - LIBRARY OF CONGRESS CONTROL NUMBER
LC control number 87008211
020 ## - INTERNATIONAL STANDARD BOOK NUMBER
International Standard Book Number 0446513857
020 ## - INTERNATIONAL STANDARD BOOK NUMBER
International Standard Book Number 9780446513852
040 ## - CATALOGING SOURCE
Original cataloging agency DLC
Transcribing agency DLC
Modifying agency DLC
043 ## - GEOGRAPHIC AREA CODE
Geographic area code ln-----
050 00 - LIBRARY OF CONGRESS CALL NUMBER
Classification number G530.T6
Item number B49 1987
082 00 - DEWEY DECIMAL CLASSIFICATION NUMBER
Classification number 910/.91634
Edition information 21
092 ## - LOCALLY ASSIGNED DEWEY CALL NUMBER (OCLC)
Classification number 622 B49 1987
001 - CONTROL NUMBER
control field data
100 1# - MAIN ENTRY--PERSONAL NAME
Personal name Ballard, Robert D.
245 14 - TITLE STATEMENT
Title The discovery of the Titanic /
Statement of responsibility, etc. Robert D. Ballard & Rick Archbold.
260 ## - PUBLICATION, DISTRIBUTION, ETC.
Place of publication, distribution, etc. New York, N.Y. :
Name of publisher, distributor, etc. Warner Books,
Date of publication, distribution, etc. c1987.
300 ## - PHYSICAL DESCRIPTION
Extent 230 p. :
Other physical details ill. (some col.) ;
Dimensions 29 cm.
500 ## - GENERAL NOTE
General note Cover title: Titanic.
500 ## - GENERAL NOTE
General note "A Warner/Madison Press book."
500 ## - GENERAL NOTE
General note Includes index.
610 20 - SUBJECT ADDED ENTRY--CORPORATE NAME
Corporate name or jurisdiction name as entry element Titanic (Steamship)
650 #0 - SUBJECT ADDED ENTRY--TOPICAL TERM
Topical term or geographic name entry element Shipwrecks
Geographic subdivision North Atlantic Ocean.
650 #0 - SUBJECT ADDED ENTRY--TOPICAL TERM
Topical term or geographic name entry element Underwater exploration
Geographic subdivision North Atlantic Ocean.
700 1# - ADDED ENTRY--PERSONAL NAME
Personal name Archbold, Rick,
Dates associated with a name 1950-
740 0# - ADDED ENTRY--UNCONTROLLED RELATED/ANALYTICAL TITLE
Uncontrolled related/analytical title Titanic.
906 ## - LOCAL DATA ELEMENT F, LDF (RLIN)
a 7
b cbc
c orignew
d 1
e ocip
f 19
g y-gencatlg
991 ## -
-- c-GenColl
-- G530.T6
-- B49 1987
-- 00009551372
-- Copy 1
-- BOOKS
Holdings
Withdrawn status Lost status Damaged status Not for loan Home library Current library Shelving location Date acquired Total checkouts Full call number Barcode Date last seen Price effective from Koha item type
        Centerville Centerville General stacks 22/03/2026   910/.91634 21 BC0011448 22/03/2026 22/03/2026 Books